000 00670nam a22001577a 4500
999 _c59485
_d59485
003 Ge_BSU
005 20230228115041.0
008 230228b xxu||||| |||| 00| 0 geo d
041 _ageo
080 _a342.743(479.22)(094.4) ს-32
245 _aსაქართველოს საგადასახადო კოდექსი :
_bგამოცემულია 2010 წლის 26 აპრილის მდგომარეობით.
264 _aთბილისი,
_c2010.
300 _a285 გვ.;
_b21 სმ.
653 _aსაქართველოს საგადასახადო კოდექსი
942 _2udc
_cBK